000
00218 a2200097 4500
001
48073
100
_a
Gibb
245
_a
Islamic society and the West
260
_a
London
_b
Oxford univ press
_c
090
_c
31052
_d
31052
942
_a
NUST-CAE
_c
M
_c
23395
999
_c
283146
_d
283146